[Event "Bochum-ch"]
[Site "Bochum"]
[Date "2004.06.09"]
[Round "6"]
[White "Picker, Andre"]
[Black "Ebersbach, Hans Joachim"]
[Result "0-1"]
[WhiteElo "1359"]
[BlackElo "1561"]
[PlyCount "86"]
[EventDate "2004.05.05"]
[EventType "swiss"]
[EventRounds "7"]
[EventCountry "GER"]
[SourceTitle "EXT 2006"]
[Source "ChessBase"]
[SourceDate "2005.11.24"]
[SourceVersion "1"]
[SourceVersionDate "2005.11.24"]
[SourceQuality "1"]

1. e4 e5 2. Nf3 Nc6 3. Nc3 Nf6 4. a3 d5 5. exd5 Nxd5 6. d3 Be6 7. Ng5 Nxc3 8. bxc3 Bd7 9. Ne4 Be7 10. a4 0-0 11. Ba3 Bxa3 12. Rxa3 Qe7 13. Rb3 f5 14. Ng3 Na5 15. Rb4 Qc5 16. Qd2 Rae8 17. Be2 Qd6 18. 0-0 c5 19. Rh4 Qf6 20. Rh3 g6 21. c4 b6 22. Ra1 Rd8 23. Ra3 Bc6 24. Nf1 f4 25. Qc1 Bd7 26. Rf3 Bg4 27. Nd2 Bxf3 28. Bxf3 Kg7 29. Bd5 Qe7 30. Qd1 Qd7 31. Nf3 Rfe8 32. Ng5 Nc6 33. Qf3 Nd4 34. Qd1 Qf5 35. h4 h6 36. c3 hxg5 37. cxd4 exd4 38. Be4 Rxe4 39. dxe4 Qxe4 40. hxg5 Re8 41. Qg4 Qf5 42. Qf3 Qb1+ 43. Kh2 Rh8+ 0-1

[Event "Bochum-ch"]
[Site "Bochum"]
[Date "2004.05.26"]
[Round "4"]
[White "Lietz, Werner"]
[Black "Picker, Andre"]
[Result "1-0"]
[WhiteElo "1613"]
[BlackElo "1359"]
[PlyCount "147"]
[EventDate "2004.05.05"]
[EventType "swiss"]
[EventRounds "7"]
[EventCountry "GER"]
[SourceTitle "EXT 2006"]
[Source "ChessBase"]
[SourceDate "2005.11.24"]
[SourceVersion "1"]
[SourceVersionDate "2005.11.24"]
[SourceQuality "1"]

1. e4 e5 2. f4 Nf6 3. Nc3 Nc6 4. Nf3 d6 5. Bb5 Bd7 6. 0-0 Nd4 7. Bc4 Bg4 8. fxe5 dxe5 9. Bxf7+ Ke7 10. Bb3 Bxf3 11. gxf3 Nxb3 12. axb3 Qd4+ 13. Kh1 a6 14. d3 Kf7 15. Ra4 Qd7 16. Ne2 b5 17. Ra1 Bd6 18. Be3 Rhe8 19. Rg1 h6 20. Qf1 g5 21. Ng3 Rg8 22. Nf5 Bf8 23. Qh3 Ke8 24. d4 g4 25. fxg4 Nxe4 26. c4 exd4 27. Qh5+ Qf7 28. Qxf7+ Kxf7 29. Nxd4 bxc4 30. bxc4 Bc5 31. Raf1+ Kg6 32. Nf5 Kh7 33. Bxc5 Nxc5 34. h4 Rgf8 35. Rg3 Rab8 36. Re1 Rf7 37. Re5 Nd7 38. Re6 Nf6 39. Nxh6 Kxh6 40. g5+ Kh5 41. Rxf6 Rxf6 42. gxf6 Rf8 43. Rg7 Rxf6 44. Rxc7 Kxh4 45. c5 Kg3 46. Kg1 Re6 47. Rf7 Re1+ 48. Rf1 Re6 49. b4 Rc6 50. Rd1 Re6 51. Kf1 Rf6+ 52. Ke2 Re6+ 53. Kd3 Kf4 54. Kc4 Ke5 55. Kb3 Kf6 56. Ka4 Re2 57. Rd6+ Ke7 58. Rxa6 Kd7 59. Kb5 Kc7 60. Ra7+ Kb8 61. Rh7 Re5 62. Kb6 Re6+ 63. c6 Re8 64. b5 Rf8 65. Rh6 Rc8 66. Ka6 Re8 67. b6 Kc8 68. Ka7 Re7+ 69. b7+ Kd8 70. Rh8+ Kc7 71. Rc8+ Kd6 72. c7 Re3 73. Rd8+ Kc6 74. c8Q+ 1-0

[Event "Bochum-ch"]
[Site "Bochum"]
[Date "2004.05.12"]
[Round "2"]
[White "Picker, Andre"]
[Black "Loeffelbein, Klaus"]
[Result "0-1"]
[WhiteElo "1359"]
[BlackElo "1900"]
[PlyCount "66"]
[EventDate "2004.05.05"]
[EventType "swiss"]
[EventRounds "7"]
[EventCountry "GER"]
[SourceTitle "EXT 2006"]
[Source "ChessBase"]
[SourceDate "2005.11.24"]
[SourceVersion "1"]
[SourceVersionDate "2005.11.24"]
[SourceQuality "1"]

1. e4 e6 2. Nf3 d5 3. exd5 exd5 4. d4 Bd6 5. Nc3 Ne7 6. Bd3 Bg4 7. h3 Bh5 8. Qe2 c6 9. Bg5 f6 10. Bd2 Qc7 11. Qe6 Nd7 12. 0-0-0 0-0-0 13. Qe1 Rde8 14. Qf1 f5 15. Re1 Bxf3 16. gxf3 Bf4 17. Be3 a6 18. Kb1 Bd6 19. Bg5 g6 20. a3 Qb6 21. Kc1 Qxd4 22. Bxa6 Bf4+ 23. Bxf4 Qxf4+ 24. Re3 Qc7 25. Nb5 cxb5 26. Rc3 Nc6 27. Bxb5 Re6 28. Qd3 Nf6 29. h4 Rhe8 30. Kb1 Re1+ 31. Rxe1 Rxe1+ 32. Ka2 Re6 33. a4 Nb4+ 0-1